000 00182nam a2200085Ia 4500
008 170619s9999 xx 000 0 und d
100 _aBhatt N D
245 0 _aMachine Drawing
260 _c1980
546 _aENGLISH
999 _c18128
_d18128